Представление документа в формате RUSMARC

ПолеНазваниеЗначение
  Тип записи i
  Библиографический уровень m
001 Контрольный номер LIBNET\0000436357
005 Дата корректировки 20201206205022.0
010 Индекс ISBN __
d Цена 360-00
100 Данные общей обработки __
a Данные общей обработки 19161014d2013||||||| 0rusy0189 ca
101 Язык документа 1_
a Язык текста rus
c Язык оригинала eng
102 Страна публикации __
a Страна публикации RU|
105 Кодированные данные (монография) __
a Кодированные данные (монография) nn|||||||||zy
127 Кодированные данные (звукозаписи-физические характеристики) __
a Продолжительность проигрывания 15 ч 30 мин
200 Заглавие и сведения об ответственности 1_
a Заглавие Шпион, выйди вон!
e Сведения, относящиеся к заглавию [16+]
f Первые сведения об ответственности Джон Ле Карре ; [читает Валерий Кухарешин]
b Общее обозначение материала Звукозапись
210 Выходные данные __
a Место издания Москва
c Издательство Аудиокнига
d Дата издания 2013
215 Физическое описание __
a Объем 2 электрон. опт. диска (Audio CD)
c Иллюстрации/тип воспроизводства зв.
d Формат 12х14 см
225 Серия __
a Серия Бестселлер
230 Специфическая характеристика материала: электронные ресурсы __
a Обозначение и объем ресурса Электронные звуковые данные
300 Общие примечания __
a Общие примечания Заглавие с этикетки диска
323 Примечание о главных создателях, исполнителях, участниках __
a Примечание о главных создателях, исполнителях, участниках Кухарешин, В. (читает)
330 Аннотация __
a Аннотация "Шпион, выйди вон!", по словам самого Джона Ле Карре, является одним из лучших романов британского мэтра за всю историю его творчества. Весь мир с энтузиазмом перечитывает этот образец классического шпионского триллера. Сюжет основан на реальных событиях - расследовании и разоблачении советских шпионов, работавших под глубоким прикрытием в центральном штабе британской разведки. Джордж Смайли, горячо любимый уже не первым поколением читателей, выдворен со службы и не одинок в этом: всех, кто стремился обнаружить неуловимого "крота", орудующего в недрах родной конторы, постигла печальная судьба. Но деятельность шпиона наносит столь ощутимый ущерб, что высокопоставленные лица вынуждены вновь призвать Смайли на помощь. Нужны его упорство, выдержка и аналитический ум, чтобы шаг за шагом довести расследование до победного финала.
333 Примечание о целевом назначении __
a Примечание о целевом назначении 16+. Для детей старше 16 лет
337 Примечание о системных требованиях (электронные ресурсы) __
a Примечание о системных требованиях (электронные ресурсы) Системные требования: CD-плеер с поддержкой MP3, или Pentium-233 c Windows 9x-XP ; CD-ROM ; звуковая карта
606 Тематические рубрики __
a Основная рубрика Художественная литература
606 Тематические рубрики __
a Основная рубрика Литература Европы (произведения)
y Географическая подрубрика Англия
y Географическая подрубрика Великобритания
610 Ключевые слова __
a Ключевые слова английская литература
a Ключевые слова детективная литература
a Ключевые слова детективные романы
a Ключевые слова детективы
a Ключевые слова остросюжетная проза
a Ключевые слова тема разведки
a Ключевые слова тема шпионажа
a Ключевые слова тема шпионов
a Ключевые слова шпионские романы
686 Индексы других классификаций __
2 Код системы rubbks
a Классификационный индекс 84(4Вел)6-445я04
700 Автор _1
a Фамилия Ле
b Имя Карре Д.
f Даты 1931-
g Полное личное имя Джон
4 Код отношения 070
801 Источник записи _0
a Страна RU
b Организация Муниципальное бюджетное учреждение культуры "Централизованная библиотечная система" г. Сургут (Центральная городская библиотека им. А. С. Пушкина)
c Дата составления 20161014
g Правила каталогизации КиК/Котельникова
801 Источник записи _1
a Страна RU
b Организация Муниципальное бюджетное учреждение культуры "Централизованная библиотечная система" г. Сургут (Центральная городская библиотека им. А. С. Пушкина)
c Дата составления 20161014
g Правила каталогизации КиК/Котельникова
852 Данные о местонахождении __
j Шифр хранения 84(4Вел)6-445я04
i Авторский знак Л 43
901 Тип документа __
t Тип документа 0
903 Характеристики (МАРС) __
a Дата передачи 20161014
969 Тип издания __
a Тип издания издание для слепых; аудиокнига
990 Данные о заказе (DOS) __
j Количество экземпляров (DOS) 2
t N записи в КСУ для И/У (DOS) 201610